ბათუმის შოთა რუსთაველის სახელმწიფო უნივერსიტეტის ბიბლიოთეკა

თურქული ენის სახელმძვანელო (ბიბ.ჩანაწერი № 54536)

000 -LEADER
fixed length control field 00880nam a2200265Ia 4500
001 - CONTROL NUMBER
control field 21600
003 - CONTROL NUMBER IDENTIFIER
control field GE_BSU
008 - FIXED-LENGTH DATA ELEMENTS--GENERAL INFORMATION
fixed length control field 181216s||||||||xx |||||||||||||| ||und||
020 ## - INTERNATIONAL STANDARD BOOK NUMBER
International Standard Book Number 9789941407215
040 ## - CATALOGING SOURCE
Transcribing agency GE_BSU
080 ## - UNIVERSAL DECIMAL CLASSIFICATION NUMBER
Universal Decimal Classification number 811(512)
100 ## - MAIN ENTRY--PERSONAL NAME
Personal name წიკლაური,მერი. ჯაფარიძე, ასმათ.
245 ## - TITLE STATEMENT
Title თურქული ენის სახელმძვანელო
245 ## - TITLE STATEMENT
Statement of responsibility, etc. რედ. ნანა კაჭარავა
260 ## - PUBLICATION, DISTRIBUTION, ETC.
Place of publication, distribution, etc. თბილისი
260 ## - PUBLICATION, DISTRIBUTION, ETC.
Name of publisher, distributor, etc. ჰოროსი XXI
260 ## - PUBLICATION, DISTRIBUTION, ETC.
Date of publication, distribution, etc. 2014
300 ## - PHYSICAL DESCRIPTION
Extent 200 გვ. ; 20 სმ.
520 ## - SUMMARY, ETC.
Summary, etc. ქსეროქსი
653 ## - INDEX TERM--UNCONTROLLED
Uncontrolled term თურქული ენა
653 ## - INDEX TERM--UNCONTROLLED
Uncontrolled term თურქული ენის სახელმძვანელო
653 ## - INDEX TERM--UNCONTROLLED
Uncontrolled term ქსეროქსი
942 ## - ADDED ENTRY ELEMENTS (KOHA)
Koha item type წიგნი
ეგზემპლარები
Withdrawn status Lost status Damaged status Not for loan Date acquired Barcode Date last seen Price effective from Koha item type Public note
        2018-12-17 00488 2018-12-17 2018-12-17 წიგნი ქსეროქსი